| 000 | 00881nam a2200217Ia 4500 | ||
|---|---|---|---|
| 999 |
_c40193 _d40193 |
||
| 001 | 6800 | ||
| 003 | GE_BSU | ||
| 005 | 20190422200623.0 | ||
| 008 | 181216s1977||||ge |||||||||||||| ||geo|| | ||
| 040 | _cGE_BSU | ||
| 041 | _ageo | ||
| 080 | _a624.04(075.8) მ-74 | ||
| 100 |
_aმიქელაძე,მ. _9354 |
||
| 245 |
_aსამშენებლო მექანიკის მოკლე კურსი : _bსახელმძღ . / _cმ.მიქელაძე , რედ. ი. გოგუაძე. |
||
| 264 |
_aთბილისი : _bგანათლება , _c1977 |
||
| 300 |
_a158 გვ ; 20სმ. _bნახაზ . _c20 სმ. |
||
| 653 | _aსამშენებლო მექანიკა | ||
| 653 | _aმექანიკა | ||
| 700 |
_aი. გოგუაძე. _eრედაქტორი _9355 |
||
| 942 |
_cBK _2udc |
||